Culture Générale - Série 1690 - Statistiques

Statistiques générales
  • Ce quiz a été pris 102 fois
  • Le résultat moyen est 5 sur 10
Statistiques - réponses
Question Réponse % Correct
Quelle est la nationalité de l'actrice Cécile de France ? belge
92%
Si l'on dresse la liste alphabétique des États du monde, quel pays vient en dernier ? Zimbabwe
86%
En France, en quelle année la loi interdisant de fumer dans les restaurants et les discothèques est-elle entrée en vigueur ? 2008
64%
Si l'on dresse la liste alphabétique des États du monde, quel pays vient en premier ? Afghanistan
49%
Quelle est la première phrase chantée par Brigitte Bardot sur son titre "Harley Davidson" ? Je n'ai besoin de personne
47%
Selon la légende, quel noeud Alexandre le Grand aurait-il tranché ? noeud gordien
36%
Outre Brigitte Simonin, sous quel pseudonyme connaît-on mieux l'ancienne actrice de films X, Brigade Van Meerhaegue ? Brigitte Lahaie
33%
De quel directeur des Finances sous Louis XVI, Madame de Staël est-elle la fille ? Jacques Necker
32%
Quel mot composé est synonyme de "voyagiste" ? tour-opérateur
24%
Dans une bande-dessinée, l'ours Placid et inséparable du renard... Muzo
18%
Aucun quiz correspondant
Distribution des résultats
% des personnes avec chaque résultat
Percentile par nombre de réponses
Votre historique - résultats
Vous n’avez pas pris ce quiz